000 01639nam0a2200325 i 4500
001 RU\NLR\bibl\2009250
005 20240921183324.0
010 _a9785443700786
_9500
021 _aRU
_b2013-11213
_9805
035 _a(NLR Aleph) 001997835
090 _a4316445
_c4316445
100 _a20131026d2012 k y0rusy50 ca
101 0 _arus
102 _aRU
105 _ay |||||||||
200 1 _aАкадемическая наука в современном обществе: кадровое воспроизводство, адаптационные процессы и неолиберальные ценности
_fА.М. Аблажей, Н.В. Головко
_gМ-во образования и науки Рос. Федерации, Новосиб. нац. исслед. гос. ун-т, Филос. фак., Рос. акад. наук, сиб. отд-ние, Ин-т философии и права
210 _aНовосибирск
_cНовосибирский государственный университет
_d2012
215 _a286 с.
_d24
300 _aНа 4-й с. обл. авт.: Аблажей А.М., к.филос.н., Головко Н.В., д.филос.н.
320 _aБиблиогр.: с. 282-284
320 _aУказ.: с. 285-286
606 1 _aНаука
_91063426
_3RU\NLR\AUTH\6694640
686 1 _aЧ21
700 1 _aАблажей
_bА. М.
_gАнатолий Михайлович
_4070
701 1 _aГоловко
_bН. В.
_gНикита Владимирович
_4070
801 0 _aRU
_bNLR
_c20130311
_gRCR
801 1 _aRU
_bNLR
_c20130311
942 _cBOOK
980 _aNBR